Indonesia : your partner in business.
| Corporate Author: | |
|---|---|
| Format: | Book |
| Published: |
Jakarta:
Indonesian Chamber of Commerce and Industry,
1996.
|
| Subjects: |
| LEADER | 00524cam a2200169 7i4500 | ||
|---|---|---|---|
| 001 | 0000005094 | ||
| 005 | 19991025090000.0 | ||
| 002 | ##000006684 | ||
| 020 | 0 | 0 | |a T000005299 |
| 090 | 0 | 0 | |a INDO 338.7 |b IND |
| 110 | 1 | 1 | |a Indonesian Chamber of Commerce and Industry |
| 245 | 1 | 0 | |a Indonesia : |b your partner in business. |
| 260 | 0 | 0 | |a Jakarta: |b Indonesian Chamber of Commerce and Industry, |c 1996. |
| 300 | 0 | 0 | |a 36 p.. |
| 650 | 0 | 0 | |a Business -- |z Indonesia |
| 651 | 0 | 0 | |a Indonesia |
| 999 | |a 0000008008 |b Book |c Open shelf |e Business Information Centre | ||